Mots en Q par définition - Statistiques

Statistiques générales
  • Ce quiz a été pris 206 fois
  • Le résultat moyen est 14 sur 20
Statistiques - réponses
Genre Définition Mot % Correct
Nom Féminin Demande faite pour obtenir une information, vérifier des connaissances. Question
95%
Nom Féminin Tarte salée en pâte brisée garnie de lardons et recouverte d'un mélange d'œufs battus et de crème. Spécialité lorraine. Quiche
95%
Nom Féminin Pièce de bois tournée, posée verticalement sur le sol, qu'un joueur doit renverser en lançant une boule. Quille
91%
Nom Féminin Ensemble des articles de ménage et de petit outillage, magasin où se fait ce commerce. Quincaillerie
88%
Nom Féminin Mesure de police qui consiste à imposer un isolement provisoire de durée variable aux personnes, aux navires ou aux animaux et aux marchandises provenant d'un pays infecté par une maladie contagieuse. Quarantaine
87%
Nom Masculin Jeu, concours par questions et réponses. Quiz
85%
Nom Masculin Résultat d'une division d'un décimal a par un décimal non nul b. Quotient
83%
Nom Masculin Partie d'une ville ayant certaines caractéristiques ou une certaine unité. Quartier
76%
Nom Masculin Variété plus ou moins pure de silice cristallisée. Quartz
74%
Nom Féminin Poids, volume, nombre qui déterminent une portion de matière, une collection de choses. Quantité
73%
Nom Masculin Morceau de gros pain contenant beaucoup de croûte. Quignon
73%
Nom Féminin Littéraire. Action de chercher. Quête
71%
Nom & Adjectif Qui a entre quarante et cinquante ans. Quadragénaire
67%
Nom Féminin Sorte de rouleau fait avec une farce pochée de poisson, de viande ou de volaille. Quenelle
57%
Nom Masculin Disposition en carrés contigus ; ensemble des lignes qui divisent une surface en carrés. Quadrillage
56%
Nom Masculin Chiffre (désigne aussi, selon le cas, le jour, le numéro de quelque chose, etc.). Quatre
55%
Nom Féminin Ensemble des caractères, des propriétés qui font que quelque chose correspond bien ou mal à sa nature, à ce qu'on en attend. Qualité
49%
Nom Féminin Partie du corps des cordés située en arrière du cloaque ou de l'anus, et contenant l'extrémité de la colonne vertébrale. Queue
49%
Nom Masculin Nombre, quantité multipliée par cinq d'un autre nombre, d'une autre quantité. Quintuple
47%
Nom Masculin Pourcentage, contingent, nombre déterminé. Quota
40%
Aucun quiz correspondant
Distribution des résultats
% des personnes avec chaque résultat
Percentile par nombre de réponses
Votre historique - résultats
Vous n’avez pas pris ce quiz